000 01582nam1a2200337 i 4500
001 RU\NLR\bibl\529570
005 20260407130004.0
035 _a(NLR Aleph) 000521901
090 _a1298522
_c1298522
100 _a20040615g19 9999u y0rusy50 ca
101 0 _arus
_efre
102 _aRU
105 _a||||c |||||
200 1 _aСоветская археологическая литература
_dArchéologie sovietique
_eБиблиогр. указ.
_fРос. акад. наук, Б-ка акад. наук, Ин-т истории матер. культуры
_gСост. Р.Ш. Левина, Л.М. Всевиов
_g[Редкол.: ... Е.Н. Носов (отв. ред.) и др.]
210 _aСПб.
_cБ-ка Рос. акад. наук
_d1997
215 _d25
463 0 _1001525913
463 0 _10011204333
510 0 _aArchéologie sovetique
_zfre
606 _aАрхеология
_jБиблиография
_91020763
_3RU\NLR\auth\6672309
686 _aТ4.я1
702 1 _4340
_7ca
_8rus
_aНосов
_bЕ. Н.
_cд-р ист. наук
_f1949-2019
_gЕвгений Николаевич
_9201831
_3RU\NLR\AUTH\770201882
702 1 _aЛевина
_bР. Ш.
_gРахиль Шнееровна
_4220
712 0 2 _4570
_aРоссийская академия наук
_bБиблиотека
_cСанкт-Петербург
_3RU\NLR\AUTH\889973239
_9442976
801 0 _aRU
_bNLR
_c20040615
_gPSBO
801 1 _aRU
_bNLR
_c20040615
830 _aАвт. по кн.
852 _aNLR
_jС К-4/40
942 _cBOOK